ბათუმის შოთა რუსთაველის სახელმწიფო უნივერსიტეტის ბიბლიოთეკა

The Road to Somewhere: The New Tribes Shaping British Politics / (ბიბ.ჩანაწერი № 57792)

000 -LEADER
fixed length control field 00520nam a22001697a 4500
005 - DATE AND TIME OF LATEST TRANSACTION
control field 20201224123446.0
008 - FIXED-LENGTH DATA ELEMENTS--GENERAL INFORMATION
fixed length control field 201207s2017 enk||||| |||| 00| 0 eng d
020 ## - INTERNATIONAL STANDARD BOOK NUMBER
International Standard Book Number 9780141986975
041 ## - LANGUAGE CODE
Language code of text/sound track or separate title eng
080 ## - UNIVERSAL DECIMAL CLASSIFICATION NUMBER
Universal Decimal Classification number 32 G-64
100 ## - MAIN ENTRY--PERSONAL NAME
Personal name Goodhart, David
9 (RLIN) 9850
245 ## - TITLE STATEMENT
Title The Road to Somewhere: The New Tribes Shaping British Politics /
Statement of responsibility, etc. David Goodhart.
264 ## - PRODUCTION, PUBLICATION, DISTRIBUTION, MANUFACTURE, AND COPYRIGHT NOTICE
Place of production, publication, distribution, manufacture London:
Name of producer, publisher, distributor, manufacturer Penguin Books,
Date of production, publication, distribution, manufacture, or copyright notice 2017.
300 ## - PHYSICAL DESCRIPTION
Extent 278 p.
Other physical details 20 cm.
653 ## - INDEX TERM--UNCONTROLLED
keyword ბრიტანული პოლიტიკა
942 ## - ADDED ENTRY ELEMENTS (KOHA)
Source of classification or shelving scheme
Koha item type წიგნი
ეგზემპლარები
Withdrawn status Lost status Source of classification or shelving scheme Damaged status Not for loan Permanent Location Current Location Shelving location Date acquired Cost, normal purchase price Full call number Barcode Date last seen Copy number Price effective from Koha item type Public note
          ბათუმის შოთა რუსთაველის სახელმწიფო უნივერსიტეტის მთავარი ბიბლიოთეკა ბათუმის შოთა რუსთაველის სახელმწიფო უნივერსიტეტის მთავარი ბიბლიოთეკა წიგნსაცავი 2020-12-07 38.46 32 G-64 61141 2020-12-07 61141 2020-12-07 წიგნი 38 ლ. 46 თ.